| 000 | 01064nam a2200301 a 4500 | ||
|---|---|---|---|
| 003 | DO-SdBNP | ||
| 005 | 20250617133904.0 | ||
| 007 | ta | ||
| 008 | 220608b200- dr a|||fr|||| 001 0 spa d | ||
| 020 | _a9789945615715 | ||
| 040 |
_aDO-SdBNP _bspa _cBNPHU |
||
| 082 | 4 |
_222 _bF288c |
|
| 110 | 1 |
_aFe y Alegría República Dominicana _980848 |
|
| 245 | 1 | 0 |
_aCultivando la alegría de vivir desde el cuidado: _buna propuesta de cuidado para trabajar la resilencia en la escuela / _cAwilda Carrión, Verónica Luzón ; Ilustración William Estany |
| 260 |
_aSanto Domingo : _bentreculturas, _c[200?] |
||
| 300 |
_a140 p. : _bil., _c21 cm. |
||
| 490 | 0 | _aPsicopedagogía | |
| 504 | _aBibliografía : p. 137- 140 | ||
| 590 | _aInventariado 2022 / MF | ||
| 650 | 4 |
_981168 _aPsicología educativa |
|
| 650 | 0 |
_aPsicopedagogía _xRepública Dominicana _91570 |
|
| 700 | 1 |
_aCarrión, Awilda _981806 |
|
| 700 | 1 |
_978132 _aLuzón, Verónica |
|
| 700 | 1 |
_aEstany, -William _eil. _981553 |
|
| 710 | 2 |
_957538 _aGeneralitat Valenciana |
|
| 910 | _aMFeliz | ||
| 942 |
_2ddc _cLBS1 |
||
| 999 |
_c51969 _d51969 |
||